[Event "I Open"]
[Site "Cortina d'Ampezzo ITA"]
[Date "2012.09.18"]
[Round "1"]
[White "Tomio, Dante"]
[Black "Naumkin, Igor"]
[WhiteElo "1888"]
[BlackElo "2473"]
[Result "0-1"]
[PlyCount "82"]
[EventDate "2012.09.18"]

1. d4 Nf6 2. Nf3 e6 3. Bg5 c5 4. e3 Be7 5. c3 b6 6. Bd3 Bb7 7. Nbd2 Nc6 8. Qe2
O-O 9. O-O cxd4 10. exd4 Nd5 11. Bxe7 Ncxe7 12. g3 a6 13. a3 b5 14. Rfe1 f5 15.
Rad1 Ng6 16. Ne5 Nxe5 17. Qxe5 Rf6 18. Bf1 Rg6 19. Bg2 d6 20. Qe2 Nf4 21. Bxb7
Nxe2+ 22. Rxe2 Ra7 23. Bg2 Re7 24. Nf3 h6 25. Rde1 Kf8 26. Nh4 Rf6 27. f4 g5
28. fxg5 hxg5 29. Nf3 Rg6 30. h3 a5 31. Kh2 Qc7 32. Nd2 g4 33. h4 e5 34. Rf1 f4
35. gxf4 exd4 36. Rxe7 Qxe7 37. Ne4 Qxh4+ 38. Kg1 d5 39. Ng5 Qg3 40. cxd4 Qe3+
41. Rf2 g3 0-1

[Event "I Open"]
[Site "Cortina d'Ampezzo ITA"]
[Date "2012.09.18"]
[Round "1"]
[White "Womacka, Mathias"]
[Black "Caldara, Sisto"]
[WhiteElo "2431"]
[BlackElo "1786"]
[Result "1-0"]
[PlyCount "65"]
[EventDate "2012.09.18"]

1. e4 c5 2. Nf3 e6 3. d4 cxd4 4. Nxd4 a6 5. Bd3 Qc7 6. Qe2 d6 7. O-O Nf6 8. c4
Nc6 9. Nxc6 bxc6 10. Nc3 Be7 11. f4 Nd7 12. Be3 h5 13. Rad1 Nf6 14. h3 Nd7 15.
Bb1 Rb8 16. Qf2 Bb7 17. Rd2 O-O 18. Qe2 Nf6 19. c5 e5 20. cxd6 Bxd6 21. f5 Be7
22. a3 a5 23. Ba2 Ra8 24. Rc1 Rfd8 25. Nd5 Qd6 26. Nb6 Qb8 27. Nxa8 Qxa8 28.
Rxd8+ Qxd8 29. Rd1 Qa8 30. Bg5 Nxe4 31. Bxe7 Qa7+ 32. Kh2 c5 33. Rd8+ 1-0

[Event "I Open"]
[Site "Cortina d'Ampezzo ITA"]
[Date "2012.09.18"]
[Round "1"]
[White "Maddaloni, Giovanni"]
[Black "Enigl, Karl"]
[WhiteElo "1776"]
[BlackElo "2095"]
[Result "1-0"]
[PlyCount "49"]
[EventDate "2012.09.18"]

1. e4 c6 2. d4 d5 3. e5 c5 4. dxc5 Nc6 5. Nf3 Bg4 6. Bb5 Qa5+ 7. Nc3 e6 8. O-O
Bxc5 9. Bd2 Qc7 10. Re1 a6 11. Bxc6+ bxc6 12. h3 Bh5 13. g4 Bg6 14. b4 Ba7 15.
Na4 Ne7 16. Be3 O-O 17. Bc5 Bxc5 18. Nxc5 a5 19. a3 axb4 20. axb4 Rxa1 21. Qxa1
Bxc2 22. Re2 Be4 23. Nd4 h6 24. Ra2 Qxe5 25. Nd7 1-0

[Event "I Open"]
[Site "Cortina d'Ampezzo ITA"]
[Date "2012.09.18"]
[Round "1"]
[White "Bender, Dirk"]
[Black "Masini, Michele"]
[WhiteElo "2026"]
[BlackElo "1669"]
[Result "1-0"]
[PlyCount "59"]
[EventDate "2012.09.18"]

1. c4 Nf6 2. g3 g6 3. Bg2 Bg7 4. Nc3 O-O 5. e3 c6 6. Nge2 d5 7. cxd5 cxd5 8.
O-O e5 9. d4 e4 10. f3 exf3 11. Bxf3 Bh3 12. Re1 g5 13. Qb3 Qd7 14. Nxd5 Nxd5
15. Qxd5 Qxd5 16. Bxd5 Nc6 17. Bd2 Rac8 18. Rac1 Rfd8 19. Bg2 Bxg2 20. Kxg2 Rd7
21. Rc5 h6 22. g4 Rcd8 23. Bc3 Re8 24. Ng3 Bxd4 25. exd4 Rxe1 26. Bxe1 Rxd4 27.
h3 Rd3 28. Bc3 Kh7 29. Rf5 Nd8 30. Rf6 1-0

[Event "I Open"]
[Site "Cortina d'Ampezzo ITA"]
[Date "2012.09.18"]
[Round "1"]
[White "Obersteiner, Stefan"]
[Black "Dallaglio, Giovanni"]
[WhiteElo "1646"]
[BlackElo "1994"]
[Result "1-0"]
[PlyCount "69"]
[EventDate "2012.09.18"]

1. d4 d5 2. c4 e6 3. Nc3 Be7 4. e3 Nf6 5. Nf3 O-O 6. Be2 dxc4 7. Bxc4 c5 8. O-O
a6 9. dxc5 Bxc5 10. a3 b5 11. Be2 Qb6 12. b4 Be7 13. Bb2 Bb7 14. Qb3 Nc6 15.
Rfd1 Rfd8 16. h3 h6 17. Rxd8+ Rxd8 18. Rd1 Rxd1+ 19. Qxd1 Qc7 20. Bd3 Nd7 21.
Ne2 Nce5 22. Nxe5 Nxe5 23. Bb1 Qc6 24. e4 Nc4 25. Bc1 Bf6 26. Qc2 Be5 27. f4
Qb6+ 28. Kh1 Bd4 29. Ba2 Nd6 30. Ng3 Be3 31. e5 Nf5 32. Nxf5 exf5 33. Qxf5 Qc6
34. Qxf7+ Kh7 35. Bb1+ 1-0

[Event "I Open"]
[Site "Cortina d'Ampezzo ITA"]
[Date "2012.09.19"]
[Round "2"]
[White "Naumkin, Igor"]
[Black "Velluti, Alberto"]
[WhiteElo "2473"]
[BlackElo "1950"]
[Result "1-0"]
[PlyCount "59"]
[EventDate "2012.09.18"]

1. d4 d5 2. c4 e6 3. Nf3 c6 4. e3 Nf6 5. Nc3 Nbd7 6. Qc2 Be7 7. Bd3 dxc4 8.
Bxc4 Qc7 9. O-O O-O 10. h3 e5 11. Bb3 Bd6 12. Bd2 exd4 13. exd4 Nb6 14. Rac1
Bf4 15. Rfe1 Bxd2 16. Qxd2 Bf5 17. d5 Rad8 18. Qg5 Bg6 19. dxc6 bxc6 20. Ne5 c5
21. Nb5 Qb7 22. Nxg6 hxg6 23. Qxc5 Rd2 24. Nd6 Qd7 25. Nxf7 Nfd5 26. Ne5 Qf5
27. Nf3 Rxb2 28. Re5 Qf4 29. Bxd5+ Kh7 30. Re4 1-0

[Event "I Open"]
[Site "Cortina d'Ampezzo ITA"]
[Date "2012.09.19"]
[Round "2"]
[White "Gaspari, Mauro"]
[Black "Womacka, Mathias"]
[WhiteElo "1966"]
[BlackElo "2431"]
[Result "0-1"]
[PlyCount "86"]
[EventDate "2012.09.18"]

1. c4 c5 2. Nc3 Nf6 3. g3 d5 4. cxd5 Nxd5 5. Bg2 Nc7 6. Nf3 Nc6 7. O-O e5 8. d3
Be7 9. b3 O-O 10. Bb2 f6 11. Nd2 Bd7 12. Rc1 Rc8 13. Nce4 b6 14. Nc4 Be8 15.
Qd2 f5 16. Nc3 Bf6 17. Ne3 Nd4 18. Ned5 Bc6 19. Nxf6+ Qxf6 20. Bxc6 Qxc6 21. f3
Rcd8 22. Kg2 Qg6 23. e3 Nc6 24. Ne2 Nb4 25. d4 f4 26. e4 fxg3 27. hxg3 exd4 28.
a3 Nc6 29. b4 Ne6 30. bxc5 bxc5 31. Ba1 Kh8 32. Qd3 Ne5 33. Qb5 Rb8 34. Qa4
Nxf3 35. Rxf3 Qxe4 36. Ng1 Rxf3 37. Nxf3 Qe2+ 38. Kg1 Qe3+ 39. Kg2 Qxc1 40.
Qxa7 Rf8 41. Qe7 Qc2+ 42. Kh3 Rxf3 43. Qxe6 Qf5+ 0-1

[Event "I Open"]
[Site "Cortina d'Ampezzo ITA"]
[Date "2012.09.19"]
[Round "2"]
[White "Maddaloni, Giovanni"]
[Black "Bender, Dirk"]
[WhiteElo "1776"]
[BlackElo "2026"]
[Result "0-1"]
[PlyCount "132"]
[EventDate "2012.09.18"]

1. e4 c5 2. Nf3 g6 3. g3 Bg7 4. Bg2 Nc6 5. O-O e6 6. d3 Nge7 7. Nc3 O-O 8. Be3
Nd4 9. Qd2 Nec6 10. Ne1 d6 11. Bh6 a6 12. a3 Rb8 13. Bxg7 Kxg7 14. h4 b5 15. f4
Bd7 16. Kh1 a5 17. Nd1 b4 18. Ne3 Ne7 19. Nc4 Bc6 20. Nf3 Nxf3 21. Bxf3 Qc7 22.
Rae1 Rfd8 23. Qg2 bxa3 24. bxa3 Bb5 25. Ne3 c4 26. d4 c3 27. Rg1 Bd7 28. g4 Nc6
29. Rd1 Qa7 30. Qf2 Kg8 31. Nc4 Be8 32. f5 e5 33. f6 exd4 34. Qg3 Qc5 35. Qf4
g5 36. Qxg5+ Qxg5 37. hxg5 Rb5 38. Kh2 Rxg5 39. Kh3 Bd7 40. Kh4 h6 41. Nb6 Ne5
42. Be2 Ng6+ 43. Kg3 Be6 44. Rxd4 h5 45. Rgd1 Bxg4 46. Bxg4 Rxg4+ 47. Kh2 Nf4
48. e5 Rg2+ 49. Kh1 Rxc2 50. Rxf4 Rb2 51. Nd5 c2 52. Rc1 dxe5 53. Ne7+ Kh7 54.
Rff1 Kh6 55. Rg1 Rd3 56. Kg2 Kg5 57. Rgf1 Rd2+ 58. Kf3 Rd1 59. Rcxd1 cxd1=Q+
60. Rxd1 Kxf6 61. Nd5+ Ke6 62. Rd3 f5 63. Nc7+ Kf6 64. Rc3 h4 65. Nd5+ Kg5 66.
Ke3 h3 0-1

[Event "I Open"]
[Site "Cortina d'Ampezzo ITA"]
[Date "2012.09.19"]
[Round "2"]
[White "Girardelli, Daniel"]
[Black "Buratti, Marco"]
[WhiteElo "1425"]
[BlackElo "1987"]
[Result "1/2-1/2"]
[PlyCount "47"]
[EventDate "2012.09.18"]

1. e4 e5 2. Bc4 Nc6 3. Nc3 Nf6 4. Nf3 Nxe4 5. Nxe4 d5 6. Bd3 dxe4 7. Bxe4 Bd7
8. c3 f5 9. Bxc6 Bxc6 10. O-O Bd6 11. d3 O-O 12. Qb3+ Kh8 13. Ng5 f4 14. Nf7+
Rxf7 15. Qxf7 Qg5 16. f3 Bc5+ 17. Kh1 Rd8 18. d4 Rf8 19. Qc4 exd4 20. cxd4 Bb6
21. Re1 Qd8 22. Rd1 Rf5 23. Qe6 Qf8 24. d5 1/2-1/2

[Event "I Open"]
[Site "Cortina d'Ampezzo ITA"]
[Date "2012.09.19"]
[Round "2"]
[White "Enigl, Karl"]
[Black "Obersteiner, Stefan"]
[WhiteElo "2095"]
[BlackElo "1646"]
[Result "1-0"]
[PlyCount "45"]
[EventDate "2012.09.18"]

1. c4 e5 2. Nc3 Nf6 3. Nf3 d6 4. d4 exd4 5. Nxd4 Bd7 6. g3 c5 7. Nf3 Bc6 8. Bg2
Nbd7 9. O-O Nb6 10. b3 Be7 11. Bb2 O-O 12. Qd2 Qd7 13. Rfe1 a5 14. a4 Qc7 15.
e4 Rad8 16. Nh4 Nfd7 17. Nd5 Bxd5 18. exd5 Nc8 19. Bxg7 Rfe8 20. Nf5 Nf8 21.
Qb2 f6 22. Bxf6 Bxf6 23. Qxf6 1-0

[Event "I Open"]
[Site "Cortina d'Ampezzo ITA"]
[Date "2012.09.19"]
[Round "3"]
[White "Womacka, Mathias"]
[Black "Naumkin, Igor"]
[WhiteElo "2431"]
[BlackElo "2473"]
[Result "1/2-1/2"]
[PlyCount "50"]
[EventDate "2012.09.18"]

1. e4 e6 2. d4 d5 3. Nd2 Nc6 4. Ngf3 Nf6 5. e5 Nd7 6. Bd3 Nb4 7. Be2 c5 8. c3
Nc6 9. O-O cxd4 10. cxd4 f6 11. exf6 Qxf6 12. Nb3 h6 13. Be3 Bd6 14. Rc1 O-O
15. Bb5 a5 16. a4 Qe7 17. Re1 Na7 18. Bd3 Nc6 19. Bb5 Na7 20. Bf1 Nc6 21. Bd2
Qf7 22. Bb5 Na7 23. Bd3 Nc6 24. Bb5 Na7 25. Bd3 Nc6 1/2-1/2

[Event "I Open"]
[Site "Cortina d'Ampezzo ITA"]
[Date "2012.09.19"]
[Round "3"]
[White "Bender, Dirk"]
[Black "Girardelli, Daniel"]
[WhiteElo "2026"]
[BlackElo "1425"]
[Result "1-0"]
[PlyCount "61"]
[EventDate "2012.09.18"]

1. c4 Nf6 2. g3 e6 3. Nf3 Nc6 4. Bg2 d6 5. b3 Be7 6. Bb2 O-O 7. O-O h6 8. d3
Nh7 9. Nbd2 f5 10. a3 Bf6 11. d4 Re8 12. Qc2 e5 13. d5 Nd4 14. Nxd4 exd4 15.
Qd3 Qe7 16. Rfe1 Qf7 17. Bxd4 Bxd4 18. Qxd4 Bd7 19. Rac1 b6 20. e3 Re7 21. b4
Rae8 22. c5 Qf6 23. Qxf6 Nxf6 24. cxd6 cxd6 25. Nc4 Rf8 26. Nxd6 Ng4 27. Rc7 a6
28. Nc4 Rb8 29. d6 Rf7 30. Bd5 Be8 31. d7 1-0

[Event "I Open"]
[Site "Cortina d'Ampezzo ITA"]
[Date "2012.09.19"]
[Round "3"]
[White "Buratti, Marco"]
[Black "Dallaglio, Giovanni"]
[WhiteElo "1987"]
[BlackElo "1994"]
[Result "0-1"]
[PlyCount "134"]
[EventDate "2012.09.18"]

1. e4 e6 2. Nc3 d5 3. Nf3 dxe4 4. Nxe4 Nd7 5. Bc4 Ngf6 6. d3 Be7 7. O-O O-O 8.
h3 b6 9. Bf4 Bb7 10. Qe2 Nc5 11. Ned2 Nd5 12. Bh2 Bd6 13. Ne5 f6 14. d4 Bxe5
15. dxe5 f5 16. Rad1 Qe7 17. Nf3 a5 18. Rd4 Rad8 19. a3 Ne4 20. Rfd1 c5 21.
R4d3 Bc6 22. Ba2 Nc7 23. Rd6 Bd5 24. c4 Bb7 25. Qd3 Nxd6 26. exd6 Qf6 27. Be5
Qg6 28. Bb1 Bxf3 29. Qxf3 Ne8 30. Qb7 Nf6 31. Qxb6 Nd7 32. Qxa5 Nxe5 33. Qxc5
Qf6 34. Qd4 Rc8 35. Ba2 Nd7 36. b4 Qxd4 37. Rxd4 Kf7 38. f4 Kf6 39. g3 Rfd8 40.
a4 Nb6 41. a5 Nd5 42. b5 Nb4 43. Bb3 Rc5 44. Ba4 e5 45. Rd2 Rxc4 46. b6 Rd4 47.
Rxd4 exd4 48. d7 Ke7 49. Kf2 Rxd7 50. Bxd7 Kxd7 51. Ke2 Kc6 52. g4 g6 53. Kd2
Kb5 54. b7 Nc6 55. Kd3 Kxa5 56. gxf5 gxf5 57. b8=Q Nxb8 58. Kxd4 Nc6+ 59. Kd5
Kb5 60. Ke6 Nd4+ 61. Kf6 Kc5 62. h4 Kd5 63. h5 Ke4 64. h6 Kxf4 65. Kg7 Ne6+ 66.
Kxh7 Ng5+ 67. Kg6 Ke5 0-1

[Event "I Open"]
[Site "Cortina d'Ampezzo ITA"]
[Date "2012.09.19"]
[Round "3"]
[White "Fiori, Guido"]
[Black "Enigl, Karl"]
[WhiteElo "1530"]
[BlackElo "2095"]
[Result "0-1"]
[PlyCount "76"]
[EventDate "2012.09.18"]

1. c4 d6 2. Nc3 e5 3. g3 f5 4. d3 Nf6 5. Bg2 Be7 6. e3 O-O 7. Nge2 Kh8 8. O-O
Qe8 9. f4 c6 10. Rb1 Be6 11. b3 Na6 12. a3 Rd8 13. Qc2 Nc7 14. e4 fxe4 15. dxe4
Bg8 16. h3 Ne6 17. Be3 b6 18. f5 Nc7 19. g4 h6 20. Kh2 d5 21. cxd5 cxd5 22.
exd5 Ncxd5 23. Nxd5 Bxd5 24. Nc3 Bxg2 25. Qxg2 Rd3 26. Rfe1 Rxc3 27. Qd2 Rc7
28. Bxh6 gxh6 29. Qxh6+ Nh7 30. Rbc1 Bg5 31. Qxf8+ Qxf8 32. Rxc7 Bf4+ 33. Kg2
Qd6 34. Rc8+ Kg7 35. Re2 Ng5 36. Rec2 Qd5+ 37. Kf1 Qd3+ 38. Kg2 Qf3+ 0-1

[Event "I Open"]
[Site "Cortina d'Ampezzo ITA"]
[Date "2012.09.19"]
[Round "3"]
[White "Obersteiner, Stefan"]
[Black "Gaspari, Mauro"]
[WhiteElo "1646"]
[BlackElo "1966"]
[Result "1/2-1/2"]
[PlyCount "133"]
[EventDate "2012.09.18"]

1. d4 d6 2. c4 Nf6 3. Nc3 g6 4. Nf3 Bg7 5. e3 O-O 6. Be2 Nbd7 7. O-O e5 8. dxe5
dxe5 9. e4 h6 10. Qc2 c6 11. Rd1 Qe7 12. h3 Nh5 13. Nh2 Nf4 14. Bf1 Nc5 15. Ne2
Nxe2+ 16. Qxe2 Ne6 17. a3 Nd4 18. Qd3 f5 19. f3 Be6 20. b4 Rad8 21. Re1 fxe4
22. fxe4 Nf3+ 23. Qxf3 Rxf3 24. Nxf3 Qf7 25. Nd2 Rf8 26. Nf3 Bxh3 27. Be3 Be6
28. Rac1 b6 29. c5 b5 30. Rcd1 Qe7 31. Rd6 Rc8 32. Bf2 Kh7 33. Bg3 Bf7 34. Red1
Rc7 35. Bh4 g5 36. Bg3 Bg6 37. Bd3 h5 38. Bc2 h4 39. Be1 Bf6 40. Bd2 Bh5 41.
Rf1 Qg7 42. Rxf6 Qxf6 43. Nxg5+ Kg6 44. Rxf6+ Kxf6 45. Nh3 Rg7 46. Be1 Rg4 47.
Bf2 Bg6 48. Bd1 Rxe4 49. Bf3 Rc4 50. Bxc6 Rc1+ 51. Kh2 Bd3 52. Bxh4+ Kg6 53.
Nf2 Bc4 54. Be4+ Kf7 55. Bg3 Ke6 56. Ng4 Rc3 57. Bxe5 Rxa3 58. c6 Ke7 59. c7
Be6 60. Nf6 Bc8 61. Bc6 Ke6 62. Bb2 Re3 63. Bd4 Re2 64. Bd5+ Ke7 65. Bc6 Rd2
66. Be5 Re2 67. Bd4 1/2-1/2

[Event "I Open"]
[Site "Cortina d'Ampezzo ITA"]
[Date "2012.09.20"]
[Round "4"]
[White "Naumkin, Igor"]
[Black "Bender, Dirk"]
[WhiteElo "2473"]
[BlackElo "2026"]
[Result "1-0"]
[PlyCount "65"]
[EventDate "2012.09.18"]

1. d4 Nf6 2. c4 e6 3. Nf3 Bb4+ 4. Nbd2 b6 5. g3 Bb7 6. Bg2 O-O 7. O-O a5 8. Qc2
Bxd2 9. Bxd2 h6 10. b3 d6 11. Rad1 Nbd7 12. Bc3 Ne4 13. Bb2 Ndf6 14. d5 exd5
15. cxd5 Nc5 16. Nh4 Re8 17. Rfe1 Ra7 18. e4 Ncd7 19. f4 Qa8 20. Nf5 a4 21. b4
a3 22. Ba1 b5 23. e5 dxe5 24. fxe5 Nxd5 25. e6 Rxe6 26. Rxe6 fxe6 27. Nxh6+
gxh6 28. Qg6+ Kf8 29. Qxe6 Nf4 30. Qxh6+ Ke8 31. Re1+ Kd8 32. Qg5+ Nf6 33.
Qxf6+ 1-0

[Event "I Open"]
[Site "Cortina d'Ampezzo ITA"]
[Date "2012.09.20"]
[Round "4"]
[White "Tomio, Dante"]
[Black "Womacka, Mathias"]
[WhiteElo "1888"]
[BlackElo "2431"]
[Result "0-1"]
[PlyCount "60"]
[EventDate "2012.09.18"]

1. d4 Nf6 2. Nf3 e6 3. Bg5 c5 4. e3 Qb6 5. Qc1 Nc6 6. c3 d5 7. Bd3 Nh5 8. Nbd2
h6 9. Bh4 g5 10. Bg3 Nxg3 11. hxg3 Bg7 12. Rb1 Bd7 13. Qd1 O-O-O 14. dxc5 Qxc5
15. Nb3 Qb6 16. Qc2 Kb8 17. Nfd2 h5 18. a3 Ne5 19. Nd4 Nxd3+ 20. Qxd3 e5 21.
Ne2 Bb5 22. Qf5 d4 23. Qxg5 dxe3 24. Qxe3 Bh6 25. Qxe5+ Ka8 26. Ne4 Rhe8 27.
Qxh5 Rxe4 28. O-O Bxe2 29. Qf5 Bxf1 30. Qxe4 Bd3 0-1

[Event "I Open"]
[Site "Cortina d'Ampezzo ITA"]
[Date "2012.09.20"]
[Round "4"]
[White "Enigl, Karl"]
[Black "Velluti, Alberto"]
[WhiteElo "2095"]
[BlackElo "1950"]
[Result "1/2-1/2"]
[PlyCount "66"]
[EventDate "2012.09.18"]

1. c4 c6 2. Nf3 d5 3. e3 Nf6 4. Nc3 Bg4 5. cxd5 cxd5 6. Qb3 Bc8 7. Bb5+ Nc6 8.
Ne5 Bd7 9. d4 e6 10. Nxd7 Qxd7 11. Bd2 Bd6 12. Rc1 O-O 13. O-O Rac8 14. Qd1 a6
15. Bd3 Ne7 16. Qa4 Rc6 17. b4 b5 18. Qb3 Qb7 19. e4 Nxe4 20. Nxe4 Rxc1 21.
Nxd6 Rxf1+ 22. Kxf1 Qc6 23. Bf4 Rd8 24. Qc2 Qxc2 25. Bxc2 Nc6 26. Nb7 Rc8 27.
Nc5 Nxb4 28. Bb1 a5 29. Be3 Nc6 30. f4 a4 31. Ke2 Na5 32. Bd2 Nc4 33. Bb4 g6
1/2-1/2

[Event "I Open"]
[Site "Cortina d'Ampezzo ITA"]
[Date "2012.09.20"]
[Round "4"]
[White "Dallaglio, Giovanni"]
[Black "Girardelli, Daniel"]
[WhiteElo "1994"]
[BlackElo "1425"]
[Result "1-0"]
[PlyCount "61"]
[EventDate "2012.09.18"]

1. d4 d5 2. Nf3 Nc6 3. g3 e6 4. Bg2 Nf6 5. Nbd2 Be7 6. O-O O-O 7. c4 Re8 8. b3
dxc4 9. Nxc4 h6 10. Bb2 b5 11. Nfe5 Bb7 12. Nxc6 Bxc6 13. Bxc6 bxc4 14. Bxe8
Nxe8 15. bxc4 Bf6 16. e4 Rb8 17. Bc3 Be7 18. Qe2 Bb4 19. Bxb4 Rxb4 20. Rfd1 Qb8
21. e5 Qb6 22. d5 Rb2 23. Rd2 Rb1+ 24. Rxb1 Qxb1+ 25. Kg2 Qb7 26. Qf3 Qb4 27.
Qd3 f6 28. d6 cxd6 29. exd6 Qb7+ 30. Kg1 Qd7 31. c5 1-0

[Event "I Open"]
[Site "Cortina d'Ampezzo ITA"]
[Date "2012.09.20"]
[Round "4"]
[White "Gaspari, Mauro"]
[Black "Buratti, Marco"]
[WhiteElo "1966"]
[BlackElo "1987"]
[Result "1/2-1/2"]
[PlyCount "262"]
[EventDate "2012.09.18"]

1. c4 e5 2. Nc3 Nc6 3. g3 Bc5 4. Bg2 Nge7 5. e3 d6 6. Nge2 Bg4 7. h3 Bh5 8. a3
a5 9. O-O f5 10. d3 O-O 11. b3 Qd7 12. Qd2 Rae8 13. d4 Ba7 14. b4 f4 15. exf4
Nxd4 16. Nxd4 Bxd4 17. fxe5 dxe5 18. Nb5 Nc6 19. Bb2 Rd8 20. Nxd4 Nxd4 21. Bxd4
exd4 22. g4 Bf7 23. Qd3 Bg6 24. Qd2 d3 25. bxa5 c6 26. Rab1 Rf7 27. a6 bxa6 28.
Rb6 Qd4 29. Rxc6 Be4 30. Re6 Bxg2 31. Kxg2 Qxc4 32. Re3 h5 33. gxh5 Qd5+ 34.
Kh2 Rc7 35. h6 Rc2 36. Qd1 Qd6+ 37. Rg3 Qxh6 38. Qf3 Qc6 39. Qg4 Qd7 40. Qf3
Qd5 41. Qg4 Rd7 42. Qg6 Qf7 43. Qxf7+ Kxf7 44. Rd1 d2 45. Rf3+ Kg8 46. Rg3 Rc1
47. Rgg1 Rc2 48. Rg3 Kf7 49. Rf3+ Ke6 50. Re3+ Kf5 51. Re2 Rd3 52. Kg2 Kf4 53.
a4 Rd6 54. f3 Rd4 55. a5 g5 56. Kf2 Ra2 57. Kg2 Rd3 58. Re4+ Kf5 59. Re2 Rd4
60. Kf2 Rc2 61. Kg2 Kf4 62. Kf2 Ra2 63. Kg2 Rxa5 64. Rexd2 Rxd2+ 65. Rxd2 Ke3
66. Rb2 Rb5 67. Ra2 a5 68. Kg3 Kd3 69. h4 gxh4+ 70. Kxh4 Kc3 71. f4 Kb3 72. Ra1
Rd5 73. Kg4 a4 74. Rb1+ Ka2 75. Rb7 Rd3 76. f5 Rb3 77. Ra7 a3 78. f6 Kb2 79. f7
Rb8 80. Rb7+ Rxb7 81. f8=Q Rb3 82. Qf2+ Ka1 83. Qe1+ Ka2 84. Qd2+ Rb2 85. Qd1
Rb1 86. Qc2+ Rb2 87. Qc4+ Kb1 88. Qd3+ Ka2 89. Kf4 Rb4+ 90. Ke5 Rb3 91. Qc2+
Rb2 92. Qc4+ Kb1 93. Qd3+ Ka2 94. Kd4 Rb4+ 95. Kc5 Rb1 96. Qc2+ Rb2 97. Qd1 Rb1
98. Qc2+ Rb2 99. Qa4 Rb1 100. Kc4 Rc1+ 101. Kd3 Rc8 102. Qa6 Rc1 103. Qb5 Rb1
104. Qc4+ Ka1 105. Qc3+ Ka2 106. Qc4+ Ka1 107. Kc2 Rb2+ 108. Kc1 Rb1+ 109. Kd2
Rb2+ 110. Kc3 Kb1 111. Qa4 Ka2 112. Qc4+ Kb1 113. Qf1+ Ka2 114. Qd1 Rb1 115.
Qc2+ Rb2 116. Qa4 Rb1 117. Qc4+ Ka1 118. Kc2 Rb2+ 119. Kc1 Rb1+ 120. Kd2 Rb2+
121. Kc3 Rb1 122. Qd4 Ka2 123. Qd5+ Ka1 124. Qd4 Ka2 125. Qa4 Rc1+ 126. Kd2 Rb1
127. Qc4+ Ka1 128. Qc3+ Ka2 129. Qc4+ Ka1 130. Qe4 Rb2+ 131. Kc3 Rb1 1/2-1/2

[Event "I Open"]
[Site "Cortina d'Ampezzo ITA"]
[Date "2012.09.21"]
[Round "5"]
[White "Womacka, Mathias"]
[Black "Bender, Dirk"]
[WhiteElo "2431"]
[BlackElo "2026"]
[Result "1-0"]
[PlyCount "63"]
[EventDate "2012.09.18"]

1. e4 c5 2. Nf3 g6 3. d4 cxd4 4. Nxd4 Bg7 5. c4 Nc6 6. Be3 Nf6 7. Nc3 O-O 8.
Be2 d6 9. O-O Nxd4 10. Bxd4 Be6 11. Qd2 Qd7 12. b3 Ne8 13. Rad1 b6 14. f4 f5
15. Bxg7 Kxg7 16. Qd4+ Kg8 17. Bf3 Rb8 18. e5 a6 19. Rfe1 Ng7 20. exd6 Rfd8 21.
Bd5 exd6 22. Rxe6 Nxe6 23. Re1 Qg7 24. Qxg7+ Kxg7 25. Rxe6 b5 26. Re7+ Kh6 27.
Kf2 bxc4 28. Bxc4 Rbc8 29. h3 Rf8 30. Rd7 Rc6 31. Nd5 a5 32. Ne7 1-0

[Event "I Open"]
[Site "Cortina d'Ampezzo ITA"]
[Date "2012.09.21"]
[Round "5"]
[White "Buratti, Marco"]
[Black "Enigl, Karl"]
[WhiteElo "1987"]
[BlackElo "2095"]
[Result "0-1"]
[PlyCount "40"]
[EventDate "2012.09.18"]

1. d4 d6 2. Nc3 g6 3. Bg5 Bg7 4. e3 Nf6 5. Bd3 O-O 6. h4 c5 7. h5 cxd4 8. hxg6
hxg6 9. exd4 Nc6 10. Qf3 Nh7 11. Be3 e5 12. Qg3 exd4 13. Qh2 Nf6 14. Bg5 dxc3
15. O-O-O Re8 16. Ne2 cxb2+ 17. Kb1 Be6 18. Nc3 Qa5 19. Qh8+ Bxh8 20. Rxh8+ Kg7
0-1

[Event "I Open"]
[Site "Cortina d'Ampezzo ITA"]
[Date "2012.09.21"]
[Round "5"]
[White "Velluti, Alberto"]
[Black "Gaspari, Mauro"]
[WhiteElo "1950"]
[BlackElo "1966"]
[Result "0-1"]
[PlyCount "92"]
[EventDate "2012.09.18"]

1. e4 d6 2. d4 Nf6 3. Nc3 g6 4. Be3 c6 5. f3 Nbd7 6. Bc4 Nb6 7. Bb3 d5 8. e5
Nh5 9. Nge2 Nc4 10. Bxc4 dxc4 11. Qd2 Be6 12. Ne4 Bd5 13. N2c3 Ng7 14. Bh6 Nf5
15. Bxf8 Rxf8 16. g4 Bxe4 17. Nxe4 Nxd4 18. O-O-O Ne6 19. Qb4 Qc7 20. Rhe1 Rd8
21. Rxd8+ Kxd8 22. Nc5 Nxc5 23. Qxc5 b5 24. Qe3 Kc8 25. e6 f5 26. g5 Rd8 27.
Rd1 Rxd1+ 28. Kxd1 Qd6+ 29. Kc1 Kb7 30. f4 Qd5 31. h3 c5 32. c3 Kc6 33. Qe1 Kd6
34. Qh4 Qxe6 35. Qxh7 Qe1+ 36. Kc2 Qe4+ 37. Kd1 Qb1+ 38. Ke2 Qxb2+ 39. Kd1 Qb1+
40. Ke2 Qe4+ 41. Kd1 Qd3+ 42. Ke1 Qxc3+ 43. Kd1 Qd3+ 44. Ke1 Qe3+ 45. Kd1 c3
46. Qxg6+ e6 0-1

[Event "I Open"]
[Site "Cortina d'Ampezzo ITA"]
[Date "2012.09.21"]
[Round "5"]
[White "Fiori, Guido"]
[Black "Tomio, Dante"]
[WhiteElo "1530"]
[BlackElo "1888"]
[Result "0-1"]
[PlyCount "70"]
[EventDate "2012.09.18"]

1. c4 Nf6 2. Nc3 c5 3. g3 Nc6 4. Bg2 d6 5. d3 g6 6. e4 Bg7 7. Nge2 O-O 8. O-O
a6 9. h3 Rb8 10. a4 Bd7 11. Be3 Qc8 12. Kh2 Ne5 13. Nd5 Nc6 14. Nb6 Qc7 15.
Nxd7 Nxd7 16. Qd2 b5 17. axb5 axb5 18. cxb5 Rxb5 19. Nc3 Rb3 20. Bh6 Bxh6 21.
Qxh6 Rxb2 22. Nd5 Qb7 23. h4 e6 24. Ne3 Nce5 25. f4 Nxd3 26. f5 Qxe4 27. Kg1
Qd4 28. fxg6 hxg6 29. Ra7 N7e5 30. Rfxf7 Nxf7 31. Qxg6+ Qg7 32. Qxe6 Qxg3 33.
Rxf7 Rxf7 34. Kh1 Rb1+ 35. Nf1 Rbxf1+ 0-1

[Event "I Open"]
[Site "Cortina d'Ampezzo ITA"]
[Date "2012.09.22"]
[Round "6"]
[White "Enigl, Karl"]
[Black "Naumkin, Igor"]
[WhiteElo "2095"]
[BlackElo "2473"]
[Result "0-1"]
[PlyCount "54"]
[EventDate "2012.09.18"]

1. c4 Nf6 2. Nc3 e5 3. Nf3 Nc6 4. a3 d5 5. d4 exd4 6. Nxd4 Be7 7. cxd5 Nxd5 8.
e4 Nxc3 9. bxc3 Bf6 10. Be3 O-O 11. Be2 Qe7 12. Qc2 Bd7 13. O-O Rfe8 14. Nxc6
Bxc6 15. f3 Rad8 16. a4 a5 17. Kh1 h5 18. Bb5 Bxb5 19. axb5 b6 20. Rad1 Qe5 21.
c4 Qb2 22. Qxb2 Bxb2 23. Rd5 Rxd5 24. cxd5 a4 25. Bc1 a3 26. g3 Ra8 27. Kg2 Bd4
0-1

[Event "I Open"]
[Site "Cortina d'Ampezzo ITA"]
[Date "2012.09.22"]
[Round "6"]
[White "Dallaglio, Giovanni"]
[Black "Womacka, Mathias"]
[WhiteElo "1994"]
[BlackElo "2431"]
[Result "0-1"]
[PlyCount "94"]
[EventDate "2012.09.18"]

1. d4 Nf6 2. Nf3 e6 3. c4 c5 4. e3 cxd4 5. exd4 Bb4+ 6. Bd2 Bxd2+ 7. Qxd2 O-O
8. Nc3 d5 9. Bd3 dxc4 10. Bxc4 b6 11. O-O Bb7 12. Ne5 Nc6 13. Nxc6 Bxc6 14.
Rfd1 Qd6 15. Qe2 Rfd8 16. Rd2 Rac8 17. Rad1 Nd5 18. Bxd5 Bxd5 19. Nxd5 Qxd5 20.
b3 Rc7 21. f4 f6 22. Kf2 Rc3 23. Rc2 Rdc8 24. Rxc3 Rxc3 25. Rd3 Rc1 26. Rd2 Kf7
27. Qf3 Qxf3+ 28. Kxf3 Ke7 29. d5 exd5 30. Rxd5 Rc2 31. a4 Rc3+ 32. Ke4 Rxb3
33. a5 Rb4+ 34. Kf5 g6+ 35. Kg4 Ke6 36. Rd8 h5+ 37. Kg3 bxa5 38. Rc8 Rb6 39.
Rc5 Ra6 40. f5+ gxf5 41. Kf4 a4 42. Rc2 a3 43. Ra2 Kd5 44. Kxf5 Kc4 45. h4 Kb3
46. Ra1 a2 47. Kg6 Ra5 0-1

[Event "I Open"]
[Site "Cortina d'Ampezzo ITA"]
[Date "2012.09.22"]
[Round "6"]
[White "Bender, Dirk"]
[Black "Tomio, Dante"]
[WhiteElo "2026"]
[BlackElo "1888"]
[Result "1-0"]
[PlyCount "90"]
[EventDate "2012.09.18"]

1. c4 c5 2. g3 Nc6 3. Bg2 e6 4. Nc3 g6 5. e3 Bg7 6. Nge2 Nge7 7. O-O d6 8. a3
O-O 9. Rb1 a5 10. Qc2 Rb8 11. Rd1 Bd7 12. Nb5 Be8 13. d4 cxd4 14. exd4 Nc8 15.
c5 Nb4 16. axb4 Bxb5 17. Nc3 Bc6 18. b5 Bxg2 19. Kxg2 dxc5 20. Bf4 Ra8 21. dxc5
Qf6 22. Rd7 g5 23. Be3 Rb8 24. Qe4 Ne7 25. Bd4 e5 26. Qxe5 Qxe5 27. Bxe5 Bxe5
28. Rxe7 Bd4 29. Na4 Rfd8 30. Rd1 Kf8 31. Re4 Bf6 32. Rxd8+ Rxd8 33. c6 bxc6
34. bxc6 Rc8 35. Rc4 Ke8 36. Nb6 Rc7 37. Nd5 Bd8 38. Nxc7+ Bxc7 39. Kf3 Ke7 40.
Kg4 f6 41. Kf5 h5 42. h3 Kf7 43. Rd4 Bb6 44. Rd7+ Ke8 45. Ke6 Bd8 1-0